Lun yu bian.

Saved in:
Bibliographic Details
Main Author: Zhao, Zhenxin.
Format: Book
Language:Chinese
Published: Beiping : Jing shan shu she, Min guo 24 [1935]
Series:Bian wei cong kan ; 1
Subjects:
Tags: Add Tag
No Tags, Be the first to tag this record!
LEADER 00726cam a2200241ui 4500
001 007727191-2
005 20024617112705.0
008 980304s1935 cc 000 0 chi d
035 0 |a ocm38546538 
040 |a *YNH*  |c *YNH*  |d CStRLIN 
100 1 |6 880-01  |a Zhao, Zhenxin. 
245 1 0 |6 880-02  |a Lun yu bian. 
260 |6 880-03  |a Beiping :  |b Jing shan shu she,  |c Min guo 24 [1935] 
300 |a 158 p. 
490 0 |6 880-04  |a Bian wei cong kan ;  |v 1 
600 0 0 |6 880-05  |a Confucius.  |t Lun yu. 
880 1 |6 100-01  |a 趙貞信. 
880 1 0 |6 245-02  |a 論語辨. 
880 |6 260-03  |a 北平 :  |b 景山書社,  |c 民國24 [1935] 
880 0 |6 490-04  |a 辨偽叢刊 ;  |v 1 
880 0 0 |6 600-05  |a Confucius.  |t 論語. 
988 |a 20021121 
906 |0 MH